MESTSKÁ KNIŽNICA GIRALTOVCE  - online katalóg 

Maďarčina do vrecka (Record no. 19178)

000 -NÁVESTIE
fixed length control field 00681nam a2200217 a 4500
008 - ÚDAJE S PEVNOU DĹŽKOU – VŠEOBECNÉ INFORMÁCIE
fixed length control field 951121s1987||||[C 0 hun c
020 ## - MEDZINÁRODNÉ ŠTANDARDNÉ ČÍSLO KNIHY (ISBN)
Údaje o dostupnosti 11 Kčs.
Qualifying information (20000 výtl.)
040 ## - ZDROJ KATALOGIZÁCIE
Pôvodná katalogizujúca agentúra SNK
Jazyk katalogizácie slo
Prepisujúca agentúra SNK
Konvencie popisu AACR2
041 1# - KÓD JAZYKA
Kód jazyka textu/zvukovej stopy alebo samostatných nápisov hun
Kód jazyka originálu a/alebo sprostredkujúcich prekladov textu slo
080 ## - ČÍSLO MEDZINÁRODNÉHO DESATINNÉHO TRIEDENIA (MDT)
Číslo Medzinárodného desatinného triedenia (MDT) 809.451.1(035)
044 ## - KÓD KRAJINY VYDAVATEĽA/PRODUCENTA
Kód krajiny MARC HU
100 1# - OSOBNÉ MENÁ – VŠEOBECNÉ INFORMÁCIE
Osobné meno Chrenková, Edita
Kód roly aut
245 10 - NÁZOV
Názov Maďarčina do vrecka
Údaj o zodpovednosti atď. Edita Chrenková ; Edita Chrenková, Ľubica Prudilová, Artúr Sandany
250 ## - ÚDAJ O PORADÍ VYDANIA
Údaj o poradí vydania 3., vyd.
260 ## - VYDAVATEĽSKÉ ÚDAJE, DISTRIBÚCIA ATĎ.
Miesto publikovania, distribúcie atď. Bratislava
Názov vydavateľa, distibútora atď. SPN
Dátum publikovania, distribúcie atď. 1987
Miesto výroby Prešov
Výrobca Duklianske tlačiarne
300 ## - FYZICKÝ POPIS
Rozsah 287 s., 8,07 AH
Rozmery 15 cm
700 1# - PRIDANÝ VSTUP – OSOBNÉ MENO
Osobné meno Chrenková, Edita
Kód roly trl
700 1# - PRIDANÝ VSTUP – OSOBNÉ MENO
Osobné meno Prudilová, Ľubica
Kód roly bkd
700 1# - PRIDANÝ VSTUP – OSOBNÉ MENO
Osobné meno Sandany, Artúr
Kód roly oth
958 ## - Formálny deskriptor
Formálny deskriptor A
Holdings
Stav stiahnutia (Blokovanie) (Withrawn status) Stav straty Stav poškodenia (Damaged status) Nie pre výpožičky (Not for loan) Spôsob nadobudnutia (Collection code) Trvalé umiestnenie Aktuálne umiestnenie Dátum nadobudnutia Náklady, bežná kúpna cena Inventárne číslo (prírastkové číslo) Full call number Dátum posledného výskytu Cena s účinnosťou od Typ jednotky Koha
        Kúpa Mestská knižnica Giraltovce Mestská knižnica Giraltovce 2019-11-29 11.00 17731 I 1388 2019-11-29 2019-11-29 Odborná literatúra pre dospelých

Powered by Koha